| 000 | 01298nam0a22002771 4500 | ||
|---|---|---|---|
| 001 | v19\rc\1255048 | ||
| 005 | 20250618000203.0 | ||
| 035 | _a(NLR Aleph) 004410610 | ||
| 090 |
_a4000818 _c4000818 |
||
| 100 | _a20060306e18901890|||y0rusy50 ca | ||
| 101 | 0 | _arus | |
| 102 | _aRU | ||
| 105 | _ay z ||||| | ||
| 200 | 1 |
_aНаучный боснийский журнал. Glasnik Zemaljskoy muzeja и Bosni i Hezcegovini. God 1 (1889). (Баллада о построении мостов) _e[Рец.] _fП.А. Сырку |
|
| 210 |
_aСанкт-Петербург _cтип. В.С. Балашева _d1890 |
||
| 215 |
_a[2], 14 с. _d24 |
||
| 311 | _aИзвлеч. из журн. М-ва нар. прос., 1890 г. | ||
| 470 | 0 |
_12001#$aБаллада о построении мостов _tБаллада о построении мостов |
|
| 488 | 0 |
_12001#$aЖурнал Министерства народного просвещения$v1890 _tЖурнал Министерства народного просвещения |
|
| 700 | 1 |
_7ca _8rus _aСырку _bП. А. _f1855-1905 _gПолихроний Агапиевич _9136467 _3RU\NLR\AUTH\770136502 |
|
| 801 | 0 |
_aRU _bNLR _gpsbo |
|
| 801 | 1 |
_aRU _bProSoft-M _2rusmarc |
|
| 852 |
_aNLR _j131/1935 |
||
| 942 | _cBOOK | ||
| 980 | _aNB | ||